000 00996nam a2200253 i 4500
001 66816
003 ES-MaACL
005 20231207063014.0
007 t|
008 040402s2003 sp ||||1| spa d
020 _a84-45123-67-X
080 _a72Zuazo
100 1 _aZuazo Ugalde, Secundino,
_d1887-1970
_9118385
245 1 0 _aMadrid y sus anhelos urbanísticos
_b: memorias inéditas de Secundino Zuazo, 1919-1940 /
_cintroducción y edición de Carlos Sambricio.
260 _aMadrid (Comunidad Autónoma) :
_bDirección General de Urbanismo y Planificación Regional,
_c[2003]
300 _a421 p. :
_bil. ;
_c28 cm.
500 _aIndices.
600 1 4 _aZuazo Ugalde, Secundino-
_vMemorias.
_9118386
651 4 _aUrbanismo-
_zMadrid-
_yS.XX.
_9179439
700 1 _aSambricio, Carlos.
_9102170
710 1 _aMadrid (Comunidad Autónoma).
_bDirección General de Urbanismo y Planificación Regional.
_95618
852 _aES-MaACL
_jL-27268
_bR.132901
999 _c66816
_d66816